000 00289nam a22001337a 4500
008 170602b xxu||||| |||| 00| 0 eng d
020 _a0133624277
041 _aeng
080 _a93
100 _a17
101 _aSHH
245 _aGORBACHEY AND HIS REFORMS
_cSAKWA, R
942 _2udc
_cBK
999 _c15604
_d15604